The political economy of the world trading system : The WTO and Beyond

Uloženo v:
Podrobná bibliografie
Hlavní autor: Hoekman, Bernard M
Médium: Kniha
Jazyk:Undetermined
Vydáno: New York Oxford University Press 2001
Témata:
Tagy: Přidat tag
Žádné tagy, Buďte první, kdo otaguje tento záznam!
Thư viện lưu trữ: Trung tâm Học liệu Trường Đại học Cần Thơ
LEADER 00602nam a2200193Ia 4500
001 CTU_152652
008 210402s9999 xx 000 0 und d
082 |a 382 
082 |b H28 
100 |a Hoekman, Bernard M 
245 4 |a The political economy of the world trading system : 
245 4 |b The WTO and Beyond 
245 0 |c Bernard M. Hoekman, Michel M. Kostecki 
260 |a New York 
260 |b Oxford University Press 
260 |c 2001 
650 |a International economic relations,International trade,Tariff 
904 |i Qhieu 
980 |a Trung tâm Học liệu Trường Đại học Cần Thơ